000 00317nam a2200133Ia 4500
008 240624s9999 xx 000 0 und d
041 _aeng
082 _a658.3 MAT
100 _aMATHIS ROBERT L
245 _aHUMAN RESOURCE MANAGEMENT
250 _a(10th ed.)
260 _c2005
300 _axxi, : 650 : p. : cm. ; 23
999 _c7935
_d7935